Statistics for Birds of the US - Owls

Click here to take the quiz!

General Stats

  • This quiz has been taken 14 times
  • The average score is 15 of 19

Answer Stats

HintAnswer% Correct
Tyto albaBarn Owl
91%
Micrathene whitneyiElf Owl
91%
Strix nebulosaGreat Grey Owl
91%
Bubo virginianusGreat Horned Owl
91%
Bubo scandiacusSnowy Owl
91%
Asio otusLong-eared Owl
82%
Aegolius acadicusNorthern Saw-whet Owl
82%
Asio flammeusShort-eared Owl
82%
Strix occidentalisSpotted Owl
82%
Strix variaBarred Owl
73%
Aegolius funereusBoreal Owl
73%
Athene cuniculariaBurrowing Owl
73%
Megascops asioEastern Screech Owl
73%
Surnia ululaNorthern Hawk Owl
73%
Glaucidium gnomaNorthern Pygmy Owl
73%
Megascops kennicottiiWestern Screech Owl
73%
Glaucidium brasilianumFerruginous Pygmy Owl
55%
Psiloscops flammeolusFlammulated Owl
55%
Megascops trichopsisWhiskered Screech Owl
55%

Score Distribution

Percentile by Number Answered

Percent of People with Each Score

Your Score History

You have not taken this quiz